000 00611nam a22001817a 4500
005 20251108174538.0
008 250721s2000 xx 000 0 ara d
082 1 4 _a372.4/مور
100 1 _aدومورتيمارت، بارم
_eمؤلف
245 1 0 _aأساعد ولدي على التعبير و القراءة و الكتابة و الحساب /
264 1 _aبيروت :
_bدار الفراشة للطباعة والنشر و التوزيع،
_c2000.
300 _a128ص.
650 1 7 _aالتعليم
650 1 7 _aالقرااه
650 1 7 _aالكتابه
942 _2ddc
_cBK
999 _c111899
_d111899